Discursos y rectificaciones pronunciados por José Canalejas y Méndez en el Congreso de los Diputados los días, 4, 6, 7, 8, 9 y 10 de julio de 1908 con motivo de la suspensión del Ayuntamiento de Málaga y el caciquismo en aquella provincia. (Record no. 39572)

MARC details
000 -LEADER
campo de control de longitud fija 00644nam a2200169 i 4500
001 - NÚMERO DE CONTROL
campo de control 39572
003 - IDENTIFICADOR DE NÚMERO DE CONTROL
campo de control ES-MaACL
005 - FECHA Y HORA DE LA ÚLTIMA TRANSACCIÓN
campo de control 20231221152301.0
007 - CAMPO FIJO DE DESCRIPCIÓN FÍSICA--INFORMACIÓN GENERAL
campo de control de longitud fija t|
008 - DATOS DE LONGITUD FIJA--INFORMACIÓN GENERAL
campo de control de longitud fija 030303s1908 sp ||||1| spa d
100 1# - ENTRADA PRINCIPAL--NOMBRE DE PERSONA
Nombre de persona Canalejas, José,
Fechas asociadas al nombre 1854-1912
9 (RLIN) 34382
245 10 - MENCIÓN DEL TÍTULO
Título Discursos y rectificaciones pronunciados por José Canalejas y Méndez en el Congreso de los Diputados los días, 4, 6, 7, 8, 9 y 10 de julio de 1908 con motivo de la suspensión del Ayuntamiento de Málaga y el caciquismo en aquella provincia.
260 ## - PUBLICACIÓN, DISTRIBUCIÓN, ETC.
Lugar de publicación, distribución, etc. Madrid :
Nombre del editor, distribuidor, etc. [s.n.],
Fecha de publicación, distribución, etc. 1908.
300 ## - DESCRIPCIÓN FÍSICA
Extensión 1 v.
852 ## - LOCALIZACIÓN
Ubicación ES-MaACL
Número de control de estantería 1633-F-7
Holdings
Estatus retirado Estado de pérdida Estado de daño No para préstamo Colección Biblioteca de origen Biblioteca actual Ubicación en estantería Fecha de adquisición Fuente de adquisición Total de préstamos Signatura topográfica completa Código de barras Visto por última vez Precio de reemplazo Tipo de ítem Koha
        Colección de folletos Biblioteca del Ateneo de Madrid Biblioteca del Ateneo de Madrid Depósito folletos 17/01/2008     1633-F-7 1041672 23/02/2023 23/02/2023 Folleto